000 00943nam0a22002891 4500
001 RU\INFOCOMM_190\NLR\5000181174
005 20250614081330.0
035 _a(NLR Aleph) 010648170
090 _a10694585
_c10694585
100 _a20130523d1984 |||y0rusy50 ca
101 0 _ager
102 _aRU
105 _ay z||||
200 1 _aBlick in die Zukunft
_fGeorgi Schachnasarow
210 _aM.
_cAPN-Verl.
_d1984
215 _a117 с.
_d16 см
300 _aВ вып. дан.: Г. Шахназаров. Взгляд в будущее
606 0 _aОбщественный прогресс
_91256245
_3RU\NLR\AUTH\66515024
620 _aМосква
686 _aА550.4
_2rubbk
700 1 _9z01790
_aŠachnazarov
_bG. Ch.
_f1924-
_gGeorgij Chosroevič
790 1 _9z01700
_aSchachnasarow
_bG.
_gGeorgi
_4070
801 1 _aRU
_bInfocomm
_c20130328
801 0 _aRU
_bINFOCOMM
_gPSBO
852 _aNLR
_jД01 Д-1/183
942 _cBOOK
980 _aNB